000 00700nam a2200181 4500
001 144047
003 ES-MaACL
005 20230906200931.0
007 t|
008 070214s1964 sp r ||||1| spa d
100 1 _aSimón Vicente, Fernando.
_9106556
245 1 0 _aMapa parasitólogico provincial /
_cFernando Simón Vicente.
260 _aSalamanca :
_bI. O. A. T. O.,
_c1964 (
_fCervantes)
300 _a76 p. :
_bil. ;
_c24 cm +
_e3 map. pleg.
500 _aPrecede al tít.: Diputación Provincial de Salamanca, Instituto de Orientación y Asistencia Técnica del Oeste.
710 2 _aInstituto de Orientación y Asistencia Técnica del Oeste.
_94990
852 _aES-MaACL
_jC-28668
_bR.57881
999 _c144047
_d144047